000 01018nam a2200265Ia 4500
003 OSt
005 20221005110937.0
006 a|||||r|||| 00| 0
007 ta
008 221004b |||||||| |||| 00| 0 hin d
020 _a9788126705795 (hbk)
_c450
024 _a16016
037 _bBR6148, 23/12/2014, Rajkamal Prakashan Pvt. Ltd.
_cTextual
040 _aCRL
_cCRL
_bhin
041 _2hin
_ahin
082 _aO152vJ, Q4
100 _aद्विवेदी, हजारीप्रसाद
245 0 _aहिन्दी साहित्य की भूमिका
246 _aHindī sāhitya kī bhūmikā
260 _aनई दिल्ली
_bराजकमल प्रकाशन भारत
_c2014
300 _a245पृ0
_ccm.
650 _aहिन्दी साहित्य
942 _hO152vJ, Q4
_cTEXL
_2cc
999 _c1020326
_d1020326